Gray Wolves and White Doves/ (Record no. 189391)

MARC details
000 -LEADER
fixed length control field 00547nam a22001817a 4500
005 - DATE AND TIME OF LATEST TRANSACTION
control field 20220628110718.0
010 ## - LCCN (DPL NO)
LC control number ENG-133400
020 ## - INTERNATIONAL STANDARD BOOK NUMBER
International Standard Book Number 9789381626771
Terms of availability 455.00
035 ## - SYSTEM CONTROL NUMBER
System control number EN-116932
037 ## - SOURCE OF ACQUISITION
Source of stock number/acquisition DBAD/PUB
082 ## - DEWEY DECIMAL CLASSIFICATION NUMBER
Classification number 445
100 ## - MAIN ENTRY--PERSONAL NAME
Personal name Balian, John D.
245 ## - TITLE STATEMENT
Title Gray Wolves and White Doves/
Statement of responsibility, etc John D. Balian
260 ## - PUBLICATION, DISTRIBUTION, ETC. (IMPRINT)
Place of publication, distribution, etc New Delhi
Name of publisher, distributor, etc Tranquebar Press
Date of publication, distribution, etc 2011
270 ## - ADDRESS
Address 93, 1st Floor, Sham Lal Road, Daryaganj
City New Delhi
Postal code 110002
300 ## - PHYSICAL DESCRIPTION
Extent xv,378p.
Dimensions 20cm(pbk)
Other physical details Acknowlegments
942 ## - ADDED ENTRY ELEMENTS (KOHA)
Source of classification or shelving scheme Dewey Decimal Classification
Item type English Books
Classification part 445
Call number suffix BAL
Holdings
Withdrawn status Lost status Not for loan Collection code Home library Current library Date acquired Source of acquisition Cost, normal purchase price Full call number Barcode Copy number Cost, replacement price Koha item type
      Fiction Ashok Vihar Ashok Vihar 28/06/2022 DBAD/PUB 455.00 445 BAL EN-116932 1 455.00 English Books

© Delhi Public Library
Hit Counter
free hit counter